Provinces of Vietnam With a Map (2025) - Statistics

General Stats
  • This quiz has been taken 2,991 times
  • The average score is 20 of 34
Answers on the Map
Answers color-coded by a green-red scale on the quiz's map according to % correct below.
 
Answer Stats
Province % Correct
Hanoi
93%
Ho Chi Minh
90%
Da Nang
77%
Huế
74%
Haiphong
70%
Cần Thơ
66%
Cà Mau
65%
Điện Biên
62%
Nghệ An
61%
Quảng Ninh
59%
Quảng Trị
59%
An Giang
58%
Đắk Lắk
58%
Lào Cai
58%
Thanh Hóa
58%
Cao Bằng
56%
Ninh Bình
56%
Hà Tĩnh
55%
Sơn La
55%
Thái Nguyên
53%
Bắc Ninh
52%
Khánh Hòa
52%
Lâm Đồng
52%
Quảng Ngãi
52%
Gia Lai
51%
Lai Châu
51%
Lạng Sơn
51%
Tây Ninh
50%
Đồng Nai
49%
Phú Thọ
49%
Vĩnh Long
49%
Đồng Tháp
47%
Hưng Yên
47%
Tuyên Quang
47%
No matching quizzes found
Score Distribution
Percent of People with Each Score
Percentile by Number Answered
Your Score History
You have not taken this quiz